Cinéma - Qui tient le rôle principal dans ce film ? - Statistiques

Statistiques générales
  • Ce quiz a été pris 1 428 fois
  • Le résultat moyen est 12 sur 20
Statistiques - réponses
Hint Réponse % Correct
OSS 117 : Le Caire, nid d'espions Jean Dujardin
93%
Intouchables Omar Sy
91%
Les visiteurs Christian Clavier
89%
Bienvenue chez les ch'tis Dany Boon
88%
Les choristes Gérard Jugnot
87%
Cyrano de Bergerac Gérard Depardieu
86%
Le fabuleux destin d'Amélie Poulain Audrey Tautou
84%
La Môme Marion Cotillard
81%
Boîte noire Pierre Niney
79%
Le professionnel Jean-Paul Belmondo
63%
Le grand blond avec une chaussure noire Pierre Richard
61%
Les Sous-doués Daniel Auteuil
50%
Monsieur Klein Alain Delon
42%
Revoir Paris Virginie Efira
40%
9 Mois ferme Sandrine Kiberlain
34%
L'Histoire d'Adèle H Isabelle Adjani
29%
Le patient anglais Juliette Binoche
29%
Garde à vue Michel Serrault
26%
Violette Nozière Isabelle Huppert
24%
Indochine Catherine Deneuve
23%
Aucun quiz correspondant
Distribution des résultats
% des personnes avec chaque résultat
Percentile par nombre de réponses
Votre historique - résultats
Vous n’avez pas pris ce quiz